[Event "Copa Latina 2015"]
[Site "Vicente Lopez ARG"]
[Date "2015.03.22"]
[Round "5.2"]
[White "Bachmann, Axel"]
[Black "Pichot, Alan"]
[Result "1/2-1/2"]
[WhiteElo "2614"]
[BlackElo "2482"]
[PlyCount "79"]
[EventDate "2015.03.19"]
[EventType "swiss"]
[EventRounds "9"]
[EventCountry "ARG"]
[Source "lmi"]
[SourceDate "2015.03.19"]

1. d4 Nf6 2. c4 g6 3. Nc3 Bg7 4. e4 d6 5. Nf3 O-O 6. h3 Nbd7 7. Be3 e5 8. d5
Nc5 9. Nd2 a5 10. g4 c6 11. Be2 cxd5 12. cxd5 Bd7 13. a4 Rc8 14. Ra3 Ne8 15. h4
b6 16. g5 f5 17. h5 Rf7 18. exf5 Bxf5 19. Nb5 e4 20. Nc4 Nd3+ 21. Rxd3 exd3 22.
Bxd3 Qe7 23. Nxb6 Bxd3 24. Nxc8 Qe4 25. Rg1 Bxb5 26. axb5 Rc7 27. Nb6 Qb4+ 28.
Kf1 Qxb5+ 29. Kg2 Bxb2 30. Qg4 Ng7 31. hxg6 hxg6 32. Qe4 Nf5 33. Qe6+ Kg7 34.
Rb1 Qb4 35. Nd7 Qg4+ 36. Kf1 Qh3+ 37. Kg1 Qg4+ 38. Kf1 Qh3+ 39. Kg1 Qg4+ 40.
Kf1 1/2-1/2

[Event "Copa Latina 2015"]
[Site "Vicente Lopez ARG"]
[Date "2015.03.22"]
[Round "5.3"]
[White "Morovic, Ivan"]
[Black "Rios, Cristhian Camilo"]
[Result "1/2-1/2"]
[WhiteElo "2568"]
[BlackElo "2415"]
[PlyCount "114"]
[EventDate "2015.03.19"]
[EventType "swiss"]
[EventRounds "9"]
[EventCountry "ARG"]
[Source "lmi"]
[SourceDate "2015.03.19"]

1. e4 c5 2. Nf3 e6 3. d4 cxd4 4. Nxd4 Nf6 5. Nc3 d6 6. Be2 Nc6 7. Be3 Be7 8.
O-O O-O 9. Kh1 e5 10. Nb3 Be6 11. Bf3 Na5 12. Nxa5 Qxa5 13. Qd2 Rfc8 14. Rfd1
Ng4 15. Bxg4 Bxg4 16. Nd5 Qxd2 17. Rxd2 Bd8 18. a4 Be6 19. c3 g6 20. a5 f5 21.
exf5 gxf5 22. f3 Kf7 23. Kg1 h5 24. Kf1 Rc4 25. b3 Rc6 26. c4 Ra6 27. Rda2 Bxd5
28. cxd5 Rc8 29. b4 b6 30. Rb1 bxa5 31. b5 Rb8 32. Raa1 Rab6 33. Rxa5 Kf6 34.
Bxb6 Bxb6 35. Raa1 Ke7 36. Rc1 Kd7 37. Rc6 Bc5 38. Ra5 h4 39. h3 f4 40. Rca6
Kc7 41. Ke2 Rg8 42. Kf1 Rb8 43. Rc6+ Kd7 44. b6 Bxb6 45. Rb5 Rg8 46. Rc2 Rg3
47. Rc4 Rg8 48. Rb2 Rg6 49. Ke1 Rg5 50. Kd1 Rg6 51. Ra4 Rg5 52. Rc4 Rg6 53. Re2
Rg8 54. Rb2 Rg6 55. Re2 Rg8 56. Rc6 Bc5 57. Rb2 Bb6 1/2-1/2

[Event "Copa Latina 2015"]
[Site "Vicente Lopez ARG"]
[Date "2015.03.22"]
[Round "5.4"]
[White "Obregon, Andres Carlos"]
[Black "Molina, Roberto Junio Brito"]
[Result "1/2-1/2"]
[WhiteElo "2531"]
[BlackElo "2431"]
[PlyCount "97"]
[EventDate "2015.03.19"]
[EventType "swiss"]
[EventRounds "9"]
[EventCountry "ARG"]
[Source "lmi"]
[SourceDate "2015.03.19"]

1. Nf3 d5 2. c4 c6 3. e3 Nf6 4. Nc3 a6 5. d4 b5 6. b3 Bf5 7. Bd3 Bxd3 8. Qxd3
e6 9. O-O Be7 10. Ne5 O-O 11. Bb2 Nfd7 12. cxd5 cxd5 13. Rac1 Nxe5 14. dxe5 Nd7
15. Ne2 Rc8 16. Rxc8 Qxc8 17. Rc1 Qb8 18. Qc3 Bc5 19. Nf4 b4 20. Qc2 Rc8 21.
Nd3 Rc7 22. Qd2 a5 23. Rc2 Bb6 24. Qc1 Qc8 25. Rxc7 Qxc7 26. Qxc7 Bxc7 27. f4
Bb6 28. Bd4 Bxd4 29. exd4 Nb8 30. Kf2 Nc6 31. Ke3 h5 32. g3 g6 33. h3 Kf8 34.
g4 hxg4 35. hxg4 Ke8 36. Nc5 Kd8 37. Nb7+ Ke7 38. Kd3 Kd7 39. Nd6 Ke7 40. Ke3
f5 41. gxf5 gxf5 42. Nb7 Kf7 43. Nc5 Ke7 44. Kd3 Kf7 45. Ke3 Ke7 46. Nb7 Kf7
47. Nd6+ Ke7 48. Nb5 Kd7 49. Nd6 1/2-1/2

[Event "Copa Latina 2015"]
[Site "Vicente Lopez ARG"]
[Date "2015.03.22"]
[Round "5.5"]
[White "Mayorga, Nicolas"]
[Black "Hernandez Guerrero, Gilberto"]
[Result "0-1"]
[WhiteElo "2325"]
[BlackElo "2517"]
[PlyCount "48"]
[EventDate "2015.03.19"]
[EventType "swiss"]
[EventRounds "9"]
[EventCountry "ARG"]
[Source "lmi"]
[SourceDate "2015.03.19"]

1. d4 Nf6 2. c4 g6 3. Nc3 Bg7 4. e4 d6 5. Nf3 O-O 6. h3 c6 7. Bg5 a6 8. Be2 b5
9. a3 Nbd7 10. O-O Bb7 11. Qc2 bxc4 12. Bxc4 c5 13. e5 cxd4 14. exf6 exf6 15.
Bf4 Bxf3 16. gxf3 dxc3 17. Bxd6 Re8 18. Qb3 Ne5 19. Bxe5 Rxe5 20. Bxf7+ Kh8 21.
Rad1 Qc7 22. Bd5 Rb8 23. Qxc3 Rg5+ 24. Kh1 Qd7 0-1

[Event "Copa Latina 2015"]
[Site "Vicente Lopez ARG"]
[Date "2015.03.22"]
[Round "5.6"]
[White "Acosta, Pablo Ismael"]
[Black "Real De Azua, Ernesto"]
[Result "0-1"]
[WhiteElo "2304"]
[BlackElo "2435"]
[PlyCount "112"]
[EventDate "2015.03.19"]
[EventType "swiss"]
[EventRounds "9"]
[EventCountry "ARG"]
[Source "lmi"]
[SourceDate "2015.03.19"]

1. c4 Nf6 2. g3 g6 3. Bg2 Bg7 4. Nc3 O-O 5. d3 d6 6. Nf3 e5 7. O-O h6 8. d4
Nbd7 9. dxe5 dxe5 10. h3 c6 11. Be3 Qe7 12. Qc1 Kh7 13. Rd1 Ne8 14. c5 f5 15.
b4 Nc7 16. Rb1 Ne6 17. Qc2 e4 18. Nd4 Ne5 19. Na4 Rd8 20. Nb3 Bd7 21. Na5 Be8
22. Nb2 Rxd1+ 23. Rxd1 b5 24. f3 g5 25. fxe4 f4 26. Bf2 Kh8 27. Nd3 Rd8 28. e3
fxe3 29. Bxe3 Nd4 30. Bxd4 Rxd4 31. Nxe5 Qxe5 32. Rxd4 Qxd4+ 33. Kh2 Qxb4 34.
Nb7 Be5 35. Qd3 Qd4 36. Qxd4 Bxd4 37. e5 Bxe5 38. Nd8 Bd4 39. Bxc6 Bxc6 40.
Nxc6 Bxc5 41. Kg2 Kg7 42. Kf3 Kf6 43. Ke4 Ke6 44. Nd4+ Ke7 45. Nc6+ Kd7 46.
Ne5+ Ke6 47. g4 a5 48. Nc6 Bb6 49. Ne5 a4 50. Nd3 Ba7 51. Nb4 Bc5 52. Nc6 b4
53. Nd8+ Kd7 54. Nf7 b3 55. Ne5+ Kc7 56. axb3 a3 0-1

[Event "Copa Latina 2015"]
[Site "Vicente Lopez ARG"]
[Date "2015.03.22"]
[Round "5.7"]
[White "Blit, Jacques"]
[Black "Flores, Diego"]
[Result "0-1"]
[WhiteElo "2325"]
[BlackElo "2569"]
[PlyCount "66"]
[EventDate "2015.03.19"]
[EventType "swiss"]
[EventRounds "9"]
[EventCountry "ARG"]
[Source "lmi"]
[SourceDate "2015.03.19"]

1. Nf3 c5 2. c4 Nf6 3. g3 g6 4. Bg2 Bg7 5. O-O O-O 6. d4 d6 7. b3 Nc6 8. Bb2
Ne4 9. Nbd2 Bf5 10. Nh4 Nxd2 11. Qxd2 Nxd4 12. Nxf5 Nxf5 13. Bxg7 Nxg7 14. Bxb7
Rb8 15. Bg2 Qc7 16. Rad1 a5 17. g4 a4 18. bxa4 Rb4 19. Qc2 Qd7 20. a5 Qxg4 21.
Rc1 Nf5 22. h3 Qg5 23. Kh1 Nd4 24. Qd1 Ne6 25. e3 Qh4 26. Qc2 Ng5 27. Kh2 d5
28. cxd5 Rg4 29. f3 Rg3 30. Qc4 Rxg2+ 31. Kxg2 Qxh3+ 32. Kg1 Qg3+ 33. Kh1 Nxf3
0-1

[Event "Copa Latina 2015"]
[Site "Vicente Lopez ARG"]
[Date "2015.03.22"]
[Round "5.8"]
[White "Mekhitarian, Krikor"]
[Black "Escalante Ramirez, Brian Sebas"]
[Result "1-0"]
[WhiteElo "2556"]
[BlackElo "2365"]
[PlyCount "71"]
[EventDate "2015.03.19"]
[EventType "swiss"]
[EventRounds "9"]
[EventCountry "ARG"]
[Source "lmi"]
[SourceDate "2015.03.19"]

1. e4 e6 2. d4 d5 3. Nc3 Bb4 4. e5 Ne7 5. a3 Bxc3+ 6. bxc3 c5 7. Qg4 cxd4 8.
Qxg7 Rg8 9. Qxh7 Qc7 10. Ne2 Nbc6 11. f4 Bd7 12. Qd3 dxc3 13. h4 Nf5 14. h5
O-O-O 15. Rb1 a6 16. Rg1 Nce7 17. g4 Bb5 18. Rxb5 axb5 19. gxf5 Rxg1 20. Nxg1
Nxf5 21. Nf3 Qc4 22. Qxf5 exf5 23. Bxc4 bxc4 24. Be3 Rh8 25. Bd4 Rxh5 26. Bxc3
Rh1+ 27. Ke2 Rc1 28. Nd4 Kd7 29. Bd2 Rh1 30. Nxf5 Rh2+ 31. Ke3 f6 32. Bb4 fxe5
33. fxe5 Rg2 34. Nd4 Rg4 35. e6+ Kd8 36. c3 1-0

[Event "Copa Latina 2015"]
[Site "Vicente Lopez ARG"]
[Date "2015.03.22"]
[Round "5.9"]
[White "Perez Ponsa, Federico"]
[Black "Perez Gormaz, Matias"]
[Result "1/2-1/2"]
[WhiteElo "2540"]
[BlackElo "2349"]
[PlyCount "70"]
[EventDate "2015.03.19"]
[EventType "swiss"]
[EventRounds "9"]
[EventCountry "ARG"]
[Source "lmi"]
[SourceDate "2015.03.19"]

1. e4 c5 2. Nf3 Nc6 3. Nc3 Nf6 4. Bb5 e5 5. d3 d6 6. Bg5 Be7 7. a3 O-O 8. Bc4
Be6 9. O-O h6 10. Bxf6 Bxf6 11. Nd5 g6 12. c3 Bg7 13. b4 Kh7 14. Rb1 Qd7 15.
Ne3 Bxc4 16. dxc4 b6 17. bxc5 bxc5 18. Rb5 f5 19. Qe2 Rae8 20. Nd2 Rf7 21. Rfb1
Nd8 22. h4 f4 23. Nd5 h5 24. Nf3 Bh6 25. Rb8 Rg8 26. Qd1 Qe6 27. Kf1 g5 28.
hxg5 Bxg5 29. Nxg5+ Rxg5 30. Rxd8 f3 31. gxf3 Qh3+ 32. Ke2 Qxf3+ 33. Kd2 Qxf2+
34. Qe2 Rg2 35. Qxf2 Rfxf2+ 1/2-1/2

[Event "Copa Latina 2015"]
[Site "Vicente Lopez ARG"]
[Date "2015.03.22"]
[Round "5.10"]
[White "Tokman, Ariel"]
[Black "Rodriguez Vila, Andres"]
[Result "1/2-1/2"]
[WhiteElo "2320"]
[BlackElo "2492"]
[PlyCount "64"]
[EventDate "2015.03.19"]
[EventType "swiss"]
[EventRounds "9"]
[EventCountry "ARG"]
[Source "lmi"]
[SourceDate "2015.03.19"]

1. c4 d6 2. Nc3 e5 3. g3 f5 4. Bg2 Nf6 5. e3 c6 6. Nge2 Be7 7. O-O Be6 8. b3 d5
9. f4 e4 10. Nd4 Bd7 11. d3 Na6 12. g4 Bb4 13. Bb2 Nxg4 14. Qe2 Nf6 15. cxd5
cxd5 16. dxe4 dxe4 17. Rfd1 Qa5 18. a3 Bxc3 19. b4 Qd5 20. Bxc3 Rc8 21. Rac1
O-O 22. Bh3 Ng4 23. Nxf5 Qxf5 24. Rxd7 Qxd7 25. Bxg4 Qf7 26. Bxc8 Rxc8 27. b5
Nb8 28. Qd2 Qe6 29. Kh1 Qd7 30. Qa2+ Qf7 31. Qb2 Qh5 32. Qg2 Rxc3 1/2-1/2

[Event "Copa Latina 2015"]
[Site "Vicente Lopez ARG"]
[Date "2015.03.22"]
[Round "5.11"]
[White "Perez, Maximiliamo"]
[Black "Valerga, Diego"]
[Result "0-1"]
[WhiteElo "2271"]
[BlackElo "2482"]
[PlyCount "100"]
[EventDate "2015.03.19"]
[EventType "swiss"]
[EventRounds "9"]
[EventCountry "ARG"]
[Source "lmi"]
[SourceDate "2015.03.19"]

1. e4 c5 2. Nf3 d6 3. d4 cxd4 4. Nxd4 Nf6 5. Nc3 a6 6. Be3 e6 7. Qd2 Nbd7 8. f3
b5 9. g4 Nb6 10. Nb3 b4 11. Nd1 d5 12. e5 Nfd7 13. Bd4 Nc4 14. Qe2 Be7 15. Nd2
O-O 16. Bg2 Nxd2 17. Qxd2 a5 18. O-O Ba6 19. Re1 Qc7 20. Nf2 Bc5 21. c3 Rfc8
22. Rac1 Qb6 23. f4 bxc3 24. bxc3 Rab8 25. f5 Qb2 26. Qf4 Qa3 27. Rcd1 Rb2 28.
Re3 Qa4 29. Rde1 Rxa2 30. Rf3 Ra1 31. Rf1 Bxf1 32. Bxf1 Bxd4 33. cxd4 Qc6 34.
Nd3 exf5 35. gxf5 Nf8 36. Nc5 Qb6 37. Rb3 Qh6 38. Qg4 Qc1 39. Rf3 Rxc5 40. dxc5
Qxc5+ 41. Kg2 Ra2+ 42. Kh3 Ra3 43. Bd3 Qc1 44. e6 Qh6+ 45. Kg3 Qf6 46. e7 Qxe7
47. f6 Qe5+ 48. Kh3 g6 49. Qh4 Ne6 50. Rg3 Rxd3 0-1

[Event "Copa Latina 2015"]
[Site "Vicente Lopez ARG"]
[Date "2015.03.22"]
[Round "5.12"]
[White "Slipak, Sergio"]
[Black "Muniz, Rafael"]
[Result "1-0"]
[WhiteElo "2436"]
[BlackElo "2268"]
[PlyCount "58"]
[EventDate "2015.03.19"]
[EventType "swiss"]
[EventRounds "9"]
[EventCountry "ARG"]
[Source "lmi"]
[SourceDate "2015.03.19"]

1. c4 Nf6 2. Nc3 c5 3. g3 e6 4. Nf3 b6 5. Bg2 Bb7 6. O-O Be7 7. Re1 Ne4 8. Nxe4
Bxe4 9. d3 Bb7 10. e4 O-O 11. d4 cxd4 12. Nxd4 d6 13. b3 a6 14. a4 Qc7 15. a5
bxa5 16. Bd2 Nc6 17. Nxc6 Bxc6 18. Rxa5 Qb7 19. Bc3 f5 20. b4 e5 21. Qd3 Rab8
22. Ra2 Rf7 23. Rb2 Rbf8 24. b5 axb5 25. cxb5 Bxe4 26. Rxe4 fxe4 27. Bxe4 Qb6
28. Bd5 Kh8 29. Bxf7 Rxf7 1-0

[Event "Copa Latina 2015"]
[Site "Vicente Lopez ARG"]
[Date "2015.03.22"]
[Round "5.14"]
[White "Munoz, Francisco Javier"]
[Black "Villanueva, Mario"]
[Result "0-1"]
[WhiteElo "2259"]
[BlackElo "2430"]
[PlyCount "52"]
[EventDate "2015.03.19"]
[EventType "swiss"]
[EventRounds "9"]
[EventCountry "ARG"]
[Source "lmi"]
[SourceDate "2015.03.19"]

1. e4 c5 2. Nf3 e6 3. d4 cxd4 4. Nxd4 Nf6 5. Nc3 d6 6. g4 h6 7. h3 Nc6 8. Be3
Bd7 9. Qd2 Nxd4 10. Qxd4 Qa5 11. O-O-O e5 12. Qd3 Rc8 13. Bg2 Be7 14. Kb1 O-O
15. f4 exf4 16. Bxf4 Be6 17. Nd5 Nxd5 18. exd5 Bd7 19. Be4 Bf6 20. Bc1 Rfe8 21.
Qf3 Rc3 22. bxc3 Rxe4 23. Rd3 Ra4 24. c4 Rxa2 25. c3 Ra1+ 26. Kc2 Qa2+ 0-1

[Event "Copa Latina 2015"]
[Site "Vicente Lopez ARG"]
[Date "2015.03.22"]
[Round "5.15"]
[White "Gemy, Jose Daniel"]
[Black "Sztokbant, Bernardo Vainzoff"]
[Result "1-0"]
[WhiteElo "2406"]
[BlackElo "2237"]
[PlyCount "93"]
[EventDate "2015.03.19"]
[EventType "swiss"]
[EventRounds "9"]
[EventCountry "ARG"]
[Source "lmi"]
[SourceDate "2015.03.19"]

1. Nf3 d5 2. d4 Nf6 3. Bf4 Bf5 4. e3 e6 5. Nbd2 Be7 6. h3 h6 7. Be2 Nbd7 8. O-O
O-O 9. c4 Ne4 10. Qb3 dxc4 11. Nxc4 b6 12. Rfd1 Nd6 13. Nce5 Be4 14. Rac1 Bf6
15. Nc6 Qe8 16. Nd2 Bd5 17. Qa3 a5 18. Bxd6 cxd6 19. Qxd6 Nb8 20. Bb5 Nxc6 21.
Bxc6 Rd8 22. Qxd5 Rxd5 23. Bxe8 Rxe8 24. Ne4 Be7 25. Nc3 Rd7 26. Nb5 Rb8 27.
Rc6 Kf8 28. Rdc1 Bd8 29. a4 Ke7 30. Kf1 Ke8 31. Ke2 Ke7 32. f4 f5 33. g4 g6 34.
gxf5 gxf5 35. Rg1 Kf6 36. Rg8 Kf7 37. Rh8 Kg7 38. Re8 Kf7 39. Rexe6 Kg8 40.
Rxh6 Rg7 41. Rhg6 Rxg6 42. Rxg6+ Kh7 43. Rc6 Rb7 44. Nd6 Rg7 45. Nxf5 Rg2+ 46.
Kf3 Rxb2 47. Rd6 1-0

[Event "Copa Latina 2015"]
[Site "Vicente Lopez ARG"]
[Date "2015.03.22"]
[Round "5.16"]
[White "Uelf, Maximiliano"]
[Black "Quintiliano Pinto, Renato R"]
[Result "0-1"]
[WhiteElo "2207"]
[BlackElo "2403"]
[PlyCount "76"]
[EventDate "2015.03.19"]
[EventType "swiss"]
[EventRounds "9"]
[EventCountry "ARG"]
[Source "lmi"]
[SourceDate "2015.03.19"]

1. Nf3 c5 2. c3 Nf6 3. g3 g6 4. Bg2 Bg7 5. O-O O-O 6. d4 cxd4 7. cxd4 d5 8. Nc3
Nc6 9. Ne5 e6 10. Nxc6 bxc6 11. e3 Nd7 12. b3 c5 13. Bb2 cxd4 14. exd4 Ba6 15.
Re1 Qf6 16. Ne2 Rac8 17. Nf4 Qf5 18. Rc1 Rxc1 19. Bxc1 Qb1 20. Bh3 Nf6 21. a4
Rb8 22. Bf1 Bxf1 23. Rxf1 Qxb3 24. Be3 Qc4 25. a5 Ne4 26. Qa1 Rb3 27. a6 Bf6
28. Rc1 Rc3 29. Rxc3 Nxc3 30. Qa5 Nb5 31. Kg2 Kg7 32. h4 h5 33. Kh2 Nxd4 34.
Bxd4 Qxd4 35. Kg1 Qe4 36. Nh3 Bb2 37. Ng5 Qf5 38. Qb5 Qe5 0-1

[Event "Copa Latina 2015"]
[Site "Vicente Lopez ARG"]
[Date "2015.03.22"]
[Round "5.23"]
[White "Salinas Herrera, Pablo"]
[Black "Ueti, Silvio Shigueo"]
[Result "1-0"]
[WhiteElo "2440"]
[BlackElo "2087"]
[PlyCount "35"]
[EventDate "2015.03.19"]
[EventType "swiss"]
[EventRounds "9"]
[EventCountry "ARG"]
[Source "lmi"]
[SourceDate "2015.03.19"]

1. e4 c5 2. Nf3 e6 3. c3 Nf6 4. e5 Nd5 5. Bc4 Nb6 6. Bb3 d5 7. exd6 Bxd6 8. d4
O-O 9. O-O Nc6 10. Qe2 cxd4 11. cxd4 Nd5 12. Nc3 Nf6 13. Bg5 Be7 14. Rad1 Bd7
15. Rfe1 Rc8 16. d5 Nxd5 17. Bxd5 Bxg5 18. Bxc6 1-0

[Event "Copa Latina 2015"]
[Site "Vicente Lopez ARG"]
[Date "2015.03.22"]
[Round "5.24"]
[White "Barbosa, Evandro Amorim"]
[Black "Anelli, Antonio"]
[Result "1-0"]
[WhiteElo "2439"]
[BlackElo "2060"]
[PlyCount "47"]
[EventDate "2015.03.19"]
[EventType "swiss"]
[EventRounds "9"]
[EventCountry "ARG"]
[Source "lmi"]
[SourceDate "2015.03.19"]

1. e4 c5 2. Nf3 e6 3. d4 cxd4 4. Nxd4 Nc6 5. Nc3 Qc7 6. Be3 a6 7. Be2 b5 8.
Nxc6 Qxc6 9. O-O Bb7 10. a4 b4 11. Nb1 Nf6 12. Nd2 Rc8 13. c3 bxc3 14. bxc3 d5
15. Rb1 dxe4 16. Rb6 Qc7 17. Qb1 Ba8 18. Bxa6 Rd8 19. Bb5+ Nd7 20. Ra6 Bc5 21.
Bxd7+ Qxd7 22. Bxc5 Qxd2 23. Rxa8 Rxa8 24. Qb7 1-0

[Event "Copa Latina 2015"]
[Site "Vicente Lopez ARG"]
[Date "2015.03.22"]
[Round "5.25"]
[White "Bruce, Shannon Hill"]
[Black "Di Giannantonio, Nino"]
[Result "0-1"]
[WhiteElo "2112"]
[BlackElo "2358"]
[PlyCount "67"]
[EventDate "2015.03.19"]
[EventType "swiss"]
[EventRounds "9"]
[EventCountry "ARG"]
[Source "lmi"]
[SourceDate "2015.03.19"]

1. e4 d6 2. Nf3 Nf6 3. d3 e5 4. g3 g6 5. Bg2 Bg7 6. O-O O-O 7. h3 Nc6 8. c4 Nd7
9. Nc3 Nc5 10. Bg5 Qd7 11. Nd5 f5 12. exf5 gxf5 13. Nh4 Ne6 14. Qd2 Qf7 15. b4
f4 16. b5 Nxg5 17. bxc6 bxc6 18. Nb4 e4 19. Rad1 Bh6 20. Qc2 f3 21. Bh1 Qh5 22.
Rfe1 Nxh3+ 23. Kf1 e3 24. fxe3 f2 25. Re2 Bg4 26. Bxc6 Ng1 27. Bd5+ Kh8 28.
Red2 Qe5 29. Bxa8 Qxg3 30. Ng2 Nf3 31. Bxf3 Bxf3 32. Qb2+ Kg8 33. Rxf2 Bxg2+
34. Ke1 0-1

[Event "Copa Latina 2015"]
[Site "Vicente Lopez ARG"]
[Date "2015.03.22"]
[Round "5.31"]
[White "Arias, Juan Cruz"]
[Black "Ortiz, Andres"]
[Result "1-0"]
[WhiteElo "2006"]
[BlackElo "2195"]
[PlyCount "70"]
[EventDate "2015.03.19"]
[EventType "swiss"]
[EventRounds "9"]
[EventCountry "ARG"]
[Source "lmi"]
[SourceDate "2015.03.19"]

1. e4 c5 2. Nc3 Nc6 3. g3 d6 4. Bg2 g6 5. d3 Bg7 6. Bg5 h6 7. Bf4 b5 8. e5 Bd7
9. exd6 e6 10. Nge2 Rb8 11. O-O f5 12. Be3 Nd4 13. Nf4 Kf7 14. Nce2 Qb6 15. h4
Qxd6 16. h5 Ne7 17. hxg6+ Nxg6 18. Nxd4 Nxf4 19. Nxf5 exf5 20. Bxf4 Be5 21.
Bxe5 Qxe5 22. Re1 Qxb2 23. Qh5+ Kf8 24. Qg6 Rb6 25. Qh5 Qd4 26. Rab1 Rg8 27.
Re3 Rg5 28. Qe2 Rbg6 29. Re1 Rg7 30. Qf3 Kg8 31. Qd5+ Qxd5 32. Bxd5+ Kh7 33.
Re7 b4 34. Rxg7+ Rxg7 35. Re5 Be8 1-0

[Event "Copa Latina 2015"]
[Site "Vicente Lopez ARG"]
[Date "2015.03.22"]
[Round "5.32"]
[White "Zimmermann, Kleber Renato P"]
[Black "Fernandez, Maria Florencia"]
[Result "0-1"]
[WhiteElo "1946"]
[BlackElo "2187"]
[PlyCount "76"]
[EventDate "2015.03.19"]
[EventType "swiss"]
[EventRounds "9"]
[EventCountry "ARG"]
[Source "lmi"]
[SourceDate "2015.03.19"]

1. d4 Nf6 2. c4 g6 3. Nc3 Bg7 4. e4 d6 5. f4 O-O 6. Nf3 c5 7. d5 e6 8. Be2 exd5
9. exd5 Re8 10. O-O Na6 11. Bd3 Nc7 12. a4 a6 13. f5 Ng4 14. Qc2 Ne3 15. Bxe3
Rxe3 16. Rae1 Rxe1 17. Rxe1 Bd7 18. fxg6 hxg6 19. Ne4 Bg4 20. Neg5 Bxf3 21.
Nxf3 Qf6 22. b3 Rb8 23. h3 b5 24. axb5 axb5 25. Qe2 Qc3 26. Qc2 bxc4 27. bxc4
Qf6 28. Qa4 Qd8 29. Qc6 Ne8 30. Bc2 Nf6 31. Qa6 Nh5 32. Ba4 Qf6 33. Bb5 Nf4 34.
Qa7 Rf8 35. Qd7 Qb2 36. Qg4 Bh6 37. Re8 Rxe8 38. Bxe8 f5 0-1

[Event "Copa Latina 2015"]
[Site "Vicente Lopez ARG"]
[Date "2015.03.22"]
[Round "5.34"]
[White "Paolini, Claudio"]
[Black "Quirhuayo, Gonzalo"]
[Result "1/2-1/2"]
[WhiteElo "1935"]
[BlackElo "2140"]
[PlyCount "121"]
[EventDate "2015.03.19"]
[EventType "swiss"]
[EventRounds "9"]
[EventCountry "ARG"]
[Source "lmi"]
[SourceDate "2015.03.19"]

1. c4 e5 2. Nc3 Nf6 3. g3 d5 4. cxd5 Nxd5 5. Bg2 Nb6 6. d3 Nc6 7. Nf3 Be7 8.
O-O O-O 9. Bd2 Be6 10. Rc1 Qd7 11. a3 a5 12. Ne4 a4 13. Nc5 Bxc5 14. Rxc5 f6
15. Qb1 Ne7 16. Rfc1 c6 17. Ra5 Nbd5 18. Rxa8 Rxa8 19. e4 Nc7 20. Be3 Nb5 21.
Nd2 Nd4 22. Bxd4 Qxd4 23. b4 axb3 24. Nxb3 Bxb3 25. Qxb3+ Kf8 26. Bh3 b5 27.
Bg4 Qd6 28. Rc3 Ra4 29. Qe6 Qxe6 30. Bxe6 Ke8 31. Kf1 Kd8 32. Ke2 Kc7 33. Rb3
Kd6 34. Bf7 Nc8 35. Ke3 Ra7 36. Bh5 Nb6 37. f4 Na4 38. fxe5+ fxe5 39. Bg4 Nc5
40. Rc3 Rf7 41. d4 exd4+ 42. Kxd4 Na4 43. e5+ Kc7 44. Rf3 Rxf3 45. Bxf3 c5+ 46.
Kd5 c4 47. Kd4 Nb2 48. Be4 g6 49. Bc2 c3 50. Kxc3 Nc4 51. Kb4 Nxe5 52. Kxb5 Nf3
53. Bd1 Nxh2 54. Be2 h5 55. Kc5 g5 56. Kd4 h4 57. gxh4 gxh4 58. Ke3 Kb6 59. Kf2
Ka5 60. Bd1 Ng4+ 61. Bxg4 1/2-1/2

[Event "Copa Latina 2015"]
[Site "Vicente Lopez ARG"]
[Date "2015.03.22"]
[Round "5.36"]
[White "Malbran, Guillermo"]
[Black "Nejanky, Maisa"]
[Result "1-0"]
[WhiteElo "2250"]
[BlackElo "2062"]
[PlyCount "51"]
[EventDate "2015.03.19"]
[EventType "swiss"]
[EventRounds "9"]
[EventCountry "ARG"]
[Source "lmi"]
[SourceDate "2015.03.19"]

1. e4 c5 2. Nf3 d6 3. Bb5+ Nc6 4. Bxc6+ bxc6 5. O-O e5 6. c3 Bg4 7. Re1 Be7 8.
h3 Bh5 9. d4 cxd4 10. cxd4 exd4 11. Qa4 Bxf3 12. Qxc6+ Kf8 13. gxf3 Rc8 14. Qa4
Rc5 15. Qxd4 Qc8 16. Nc3 Rh5 17. Kf1 Rxh3 18. Ke2 Qa6+ 19. Qd3 Qxd3+ 20. Kxd3
Rxf3+ 21. Be3 a6 22. Rh1 h5 23. Ke2 Rf6 24. Nd5 Re6 25. Rac1 g6 26. f3 1-0

[Event "Copa Latina 2015"]
[Site "Vicente Lopez ARG"]
[Date "2015.03.22"]
[Round "5.37"]
[White "Luz, Arthur Nader"]
[Black "Caetano, Hugo Zanotti Mendon"]
[Result "1-0"]
[WhiteElo "2049"]
[BlackElo "2245"]
[PlyCount "42"]
[EventDate "2015.03.19"]
[EventType "swiss"]
[EventRounds "9"]
[EventCountry "ARG"]
[Source "lmi"]
[SourceDate "2015.03.19"]

1. d4 d5 2. c4 e6 3. Nc3 Nf6 4. cxd5 exd5 5. Bg5 Be7 6. e3 O-O 7. Bd3 Nbd7 8.
Qc2 h6 9. Bh4 c5 10. Nge2 cxd4 11. Nxd4 Ne5 12. Be2 Nc6 13. Rd1 Nxd4 14. Rxd4
Be6 15. O-O Rc8 16. Bf3 Qa5 17. Qa4 Qxa4 18. Rxa4 g5 19. Bg3 Bc5 20. Be5 Nd7
21. Bd4 a6 1-0

[Event "Copa Latina 2015"]
[Site "Vicente Lopez ARG"]
[Date "2015.03.22"]
[Round "5.39"]
[White "Souza, Rafael Cabral De"]
[Black "Flynn, Mariano"]
[Result "0-1"]
[WhiteElo "2194"]
[BlackElo "2033"]
[PlyCount "84"]
[EventDate "2015.03.19"]
[EventType "swiss"]
[EventRounds "9"]
[EventCountry "ARG"]
[Source "lmi"]
[SourceDate "2015.03.19"]

1. e4 c5 2. Nf3 d6 3. d4 cxd4 4. Nxd4 Nf6 5. Nc3 g6 6. Be3 Bg7 7. f3 O-O 8. Bc4
Nc6 9. Qd2 Bd7 10. h4 h5 11. O-O-O Rc8 12. Bb3 Ne5 13. Bg5 Rc5 14. g4 hxg4 15.
f4 Nc4 16. Qe2 b5 17. Ncxb5 Nxb2 18. Kxb2 Bxb5 19. Nxb5 Nxe4+ 20. Nd4 Ng3 21.
Qd2 Nxh1 22. Rxh1 Qb6 23. Kb1 Rd5 24. c3 a5 25. Kc2 Rc5 26. Rc1 Rfc8 27. Kd1
Qb7 28. Qe3 e5 29. Ne2 a4 30. Bxa4 f6 31. Bb3+ d5 32. Bxf6 Bxf6 33. fxe5 Qe7
34. Qh6 Qxe5 35. Qxg6+ Bg7 36. h5 Re8 37. Qxg4 Rc6 38. Rc2 Kh8 39. Ba4 Rf6 40.
Bxe8 Rf1+ 41. Kd2 Bh6+ 42. Kd3 Qe3# 0-1

[Event "Copa Latina 2015"]
[Site "Vicente Lopez ARG"]
[Date "2015.03.22"]
[Round "5.41"]
[White "Godoy Olazabal, Artur"]
[Black "Radoszta, Armando E"]
[Result "0-1"]
[WhiteElo "2154"]
[BlackElo "1994"]
[PlyCount "64"]
[EventDate "2015.03.19"]
[EventType "swiss"]
[EventRounds "9"]
[EventCountry "ARG"]
[Source "lmi"]
[SourceDate "2015.03.19"]

1. e4 c5 2. Nf3 e6 3. Nc3 Nc6 4. Bb5 Nge7 5. d4 cxd4 6. Nxd4 Nxd4 7. Qxd4 a6 8.
Bd3 Nc6 9. Qe3 b5 10. O-O Bb7 11. b3 Nb4 12. Bb2 Be7 13. Qg3 Nxd3 14. cxd3 Rg8
15. Rac1 Rc8 16. f4 b4 17. Ne2 Qa5 18. Rxc8+ Bxc8 19. Nc1 Qc7 20. Qh3 h6 21. f5
e5 22. Qg3 f6 23. h4 Bb7 24. d4 Qb6 25. Kh1 exd4 26. Qg6+ Kf8 27. Nd3 Qb5 28.
Rd1 Bxe4 29. Nf4 Qxf5 30. Qg3 g5 31. Nh3 gxh4 32. Qb8+ Kf7 0-1

[Event "Copa Latina 2015"]
[Site "Vicente Lopez ARG"]
[Date "2015.03.22"]
[Round "5.42"]
[White "Torres, Federico"]
[Black "Boff, Andre Ricardo"]
[Result "1-0"]
[WhiteElo "2152"]
[BlackElo "1962"]
[PlyCount "69"]
[EventDate "2015.03.19"]
[EventType "swiss"]
[EventRounds "9"]
[EventCountry "ARG"]
[Source "lmi"]
[SourceDate "2015.03.19"]

1. e4 e6 2. d3 d5 3. Nd2 b6 4. g3 Bb7 5. Bg2 Nf6 6. Ngf3 Be7 7. O-O O-O 8. Re1
c5 9. e5 Nfd7 10. h4 Nc6 11. Nf1 Qc7 12. Bf4 d4 13. a3 b5 14. Qe2 Nb6 15. Ng5
Bxg5 16. hxg5 Ne7 17. Nd2 Nbd5 18. Ne4 Nxf4 19. gxf4 Nf5 20. Qg4 Rab8 21. Kh2
Bxe4 22. dxe4 Ne7 23. Rh1 Rfd8 24. Kg3 Ng6 25. Rh3 d3 26. cxd3 Rxd3+ 27. Bf3 c4
28. Rah1 Rd2 29. Rxh7 Rxb2 30. f5 Qxe5+ 31. Kg2 Qd4 32. Qg3 Nf4+ 33. Qxf4 Qxf2+
34. Kh3 Rd8 35. Kg4 1-0